000 00780nab a2200253 u 4500
001 21576
003 HDC
007 cr bn ---aaaaa
008 210309c mydr|nes 0 a eng d
040 _aHDC
245 0 _aMatrade helps to generate RM120mil in exports sales
260 _aMalaysia :
_bTHE STAR,
_c2015
300 _a1pages
336 _atext
_2rdacontent
337 _acomputer
_2rdamedia
338 _aonline resource
_2rdacarrier
650 _aexport sector
_98933
650 _asales
_917973
710 _aTHE STAR
856 _zRequest full-text at [email protected]
942 _2lcc
942 _cNEWS
942 _kNWSC 010509
999 _c18892
_d18892